Normal view
MARC view
- CANTER,LEE
Entry Personal Name
001 - CONTROL NUMBER
- control field: 133350
003 - CONTROL NUMBER IDENTIFIER
- control field: NUST
005 - DATE AND TIME OF LATEST TRANSACTION
- control field: 20260223104409.0
008 - FIXED-LENGTH DATA ELEMENTS
- fixed length control field: 260223|| aca||aabn | a|a d
040 ## - CATALOGING SOURCE
- Original cataloging agency: NUST
- Transcribing agency: NUST
100 ## - HEADING--PERSONAL NAME
- Personal name: CANTER,LEE
670 ## - SOURCE DATA FOUND
- Source citation: Work cat.: (NUST): CANTER,LEE., ASSERTIVE DISCIPLINE A TAKE CHARGE APPROACH FOR TODAY,S EDUCATOR /, 1976.
